000 00302nam a22001337a 4500
008 170921b xxu||||| |||| 00| 0 eng d
020 _a9780802775191
041 _aeng
080 _a78
100 _a45
101 _aMUZ
245 _aAN INSIDER AND LISTENING TO JAZZ
_cKING.J
942 _2udc
_cBK
999 _c28727
_d28727